মহম্মদ চরিত / (Record no. 27697)

MARC details
000 -LEADER
fixed length control field 00748nam a22002057a 4500
003 - CONTROL NUMBER IDENTIFIER
control field BDDh-ASL
005 - DATE AND TIME OF LATEST TRANSACTION
control field 20231016062617.0
008 - FIXED-LENGTH DATA ELEMENTS--GENERAL INFORMATION
fixed length control field 201104s1978 b ||||| |||| 00| 0 b d
040 ## - CATALOGING SOURCE
Original cataloging agency BDDh-ASL
Transcribing agency BDDh-ASL
Modifying agency BDDh-ASL
041 ## - LANGUAGE CODE
Language code of text/sound track or separate title ben
082 ## - DEWEY DECIMAL CLASSIFICATION NUMBER
Classification number 922
Item number MIM
100 1# - MAIN ENTRY--PERSONAL NAME
9 (RLIN) 5876
Personal name মিত্র, কৃষ্ণকুমার
245 10 - TITLE STATEMENT
Title মহম্মদ চরিত /
246 ## - VARYING FORM OF TITLE
Title proper/short title Mohammad Chorita
260 ## - PUBLICATION, DISTRIBUTION, ETC.
Place of publication, distribution, etc. কলিকাতা:
Date of publication, distribution, etc. সাধারণ ব্রাহ্মসমাজ,
Name of publisher, distributor, etc. ১৯৭৮।
300 ## - PHYSICAL DESCRIPTION
Extent ২১৫ পৃষ্ঠা, :
Dimensions ২২ সে.মি.।
600 10 - SUBJECT ADDED ENTRY--PERSONAL NAME
9 (RLIN) 5877
Personal name মহম্মদ, হজরত
650 #0 - SUBJECT ADDED ENTRY--TOPICAL TERM
Topical term or geographic name entry element biographical dictionary - চরিতাভিধান
9 (RLIN) 4665
942 ## - ADDED ENTRY ELEMENTS (KOHA)
Source of classification or shelving scheme Dewey Decimal Classification
Koha item type Books
Holdings
Withdrawn status Lost status Source of classification or shelving scheme Damaged status Not for loan Collection code Home library Current library Shelving location Date acquired Source of acquisition Total Checkouts Full call number Barcode Date last seen Copy number Price effective from Koha item type
    Dewey Decimal Classification     Non-fiction Asiatic Society Library Asiatic Society Library General Stacks 11/08/2021 Donated by A.K.M. Azizul Haque and Prof. Husniara Huq   922 MIM 113869 11/08/2021 C-1 11/08/2021 Books

Powered by Koha